Trận hải chiến của quân Việt Nam Cộng hòa chống quân Trung Quốc xâm chiếm trái phép quần đảo Hoàng Sa tháng 1 năm 1974 /Nguyễn Hữu Đạo.
Saved in:
| Main Author: | |
|---|---|
| Format: | Article |
| Language: | Vietnamese |
| Subjects: | |
| Tags: |
Add Tag
No Tags, Be the first to tag this record!
|
| Institutions: | Thư viện Trường Đại học Đà Lạt |
|---|
| LEADER | 00915nam a2200277 4500 | ||
|---|---|---|---|
| 001 | DLU180184200 | ||
| 005 | ##20180402 | ||
| 040 | # | # | |a DLU |b vie |
| 041 | # | # | |a vie |
| 044 | # | # | |a vn |
| 100 | # | # | |a Nguyễn Hữu Đạo. |
| 245 | # | # | |a Trận hải chiến của quân Việt Nam Cộng hòa chống quân Trung Quốc xâm chiếm trái phép quần đảo Hoàng Sa tháng 1 năm 1974 /Nguyễn Hữu Đạo. |
| 653 | # | # | |a Biển Đông |
| 653 | # | # | |a Chiến tranh |
| 653 | # | # | |a Quần đảo Hoàng Sa |
| 653 | # | # | |a Trung quốc |
| 653 | # | # | |a Việt Nam Cộng hòa |
| 773 | # | # | |t Nghiên cứu lịch sử |g Số 6(458), 2014, tr. 19-22 |
| 920 | # | # | |a Phòng Tạp chí -- Trung tâm Thông tin - Thư viện Trường Đại học Đà Lạt |
| 900 | # | # | |a True |
| 911 | # | # | |a Nguyễn Thị Thu Phương |
| 925 | # | # | |a G |
| 926 | # | # | |a A |
| 927 | # | # | |a BB |
| 980 | # | # | |a Thư viện Trường Đại học Đà Lạt |